00678nam a2200157 i 4500001000700000003000900007005001700016007000300033008004100036100004400077245020000121260002900321300002100350500011500371852003400486100166ES-MaACL20250915063047.0t|050922s1972 zzz ||||1| spa d1 aMartínez Val, José María, d1916-10aLo vivo y lo muerto en la idea marxista b: Discurso de ingreso en la Real Academia de Ciencias Económicas y Financieras de Barcelona el 21 de Febrero de 1969 / cJosé María Martínez Val. a[s.l. : bs.n.], c1972. a26 h. ; c22 cm. aEs fotocopia de "Anales de la Real Academia de Ciencias Económicas y Financieras. Curso 1968-69. p. 127-151. aES-MaACLj2103-F-18 bR.94620